| 000 | 00826camaa2200301Ia 4500 | ||
|---|---|---|---|
| 001 | 77129 | ||
| 005 | 20230410115556.0 | ||
| 008 | 031013s2003 mx rb 001 0 spa d | ||
| 035 | _a(OCoLC)ocm53188106 | ||
| 040 |
_aUIA _bspa _cUIA _dOCLCQ |
||
| 020 | _a968246935X | ||
| 020 | _a9789682469350 | ||
| 035 | _a(OCoLC)53188106 | ||
| 050 | 1 | 4 |
_aHF 1401 _bV713g 2003 |
| 100 | 1 | _aVillagrasa, Jesús. | |
| 245 | 1 | 0 |
_aGlobalización : _bun mundo mejor? / _cJesús Villagrasa. |
| 260 |
_aMéxico : _bTrillas, _c2003. |
||
| 300 |
_a110 p. ; _c23 cm. |
||
| 504 | _aIncluye índice. | ||
| 650 | 0 | _aCompetition, International. | |
| 650 | 0 | _aCommercial policy. | |
| 650 | 4 | _aGlobalización. | |
| 650 | 4 | _aCompetencia internacional | |
| 650 | 4 | _aComercio exterior | |
| 942 |
_2lcc _cbk |
||
| 994 |
_aC0 _bDRFGD |
||
| 946 | _aJCM | ||
| 999 |
_c43914 _d43914 |
||